Marx, Freud, and the critique of everyday life : toward a permanent cultural revolution = Marx, Freud y la crítica de la vida cotidiana: hacia una revolución cultural permanente /
Αποθηκεύτηκε σε:
| Κύριος συγγραφέας: | |
|---|---|
| Μορφή: | Άγνωστο |
| Γλώσσα: | English |
| Έκδοση: |
New York :
Monthly Review Press,
1973.
|
| Θέματα: | |
| Ετικέτες: |
Προσθήκη ετικέτας
Δεν υπάρχουν, Καταχωρήστε ετικέτα πρώτοι!
|
MARC
| LEADER | 000000000a22000000004500 | ||
|---|---|---|---|
| 001 | 013450 | ||
| 020 | |a 0853452806 | ||
| 041 | 0 | |a eng | |
| 082 | 0 | 4 | |a 301.6 |b F929m |
| 100 | 1 | |a Brown, Bruce, |d 1942- | |
| 245 | 1 | 0 | |a Marx, Freud, and the critique of everyday life : |b toward a permanent cultural revolution = Marx, Freud y la crítica de la vida cotidiana: hacia una revolución cultural permanente / |c Brown, Bruce |
| 246 | 3 | 1 | |a Marx, Freud y la crítica de la vida cotidiana: hacia una revolución cultural permanente |
| 260 | 1 | |a New York : |b Monthly Review Press, |c 1973. | |
| 300 | |a 202 páginas ; |c 21 cm. | ||
| 650 | 4 | |a REVOLUCIONES | |
| 650 | 4 | |a RADICALISMO | |
| 650 | 4 | |a POLITICA | |
| 650 | 4 | |a PSICOLOGIA SOCIAL | |
| 500 | |a Colección George Yúdice | ||
| 999 | |c 19373 |d 19373 | ||
| 942 | |c BK |h 301.6 F929m |2 z | ||



